Przetłumacz z polskiego na niemiecki sezon 4 część 1 - klikanie - Statystyki

Ogólne statystyki
  • Ten quiz został rozwiązany 3 razy
  • Średni wynik to 24 z 27
Statystyki odpowiedzi
Hint Odpowiedź % Poprawnych
Brat der Bruder
100%
Wnuk der Enkel
100%
Wujek der Onkel
100%
Singiel der Single
100%
Syn der Sohn
100%
Ojciec der Vater
100%
Kuzyn die Cousin
100%
Kuzynka die Cousine
100%
Rodzice die Eltern
100%
Wnuczka die Enkelin
100%
Wnuki die Enkelkinder
100%
Rodzina die Familie
100%
Rodzeństwo die Geschwister
100%
Matka die Mutter
100%
Siostra die Schwester
100%
Ciocia die Tante
100%
Bliźnięta die Zwillinge
100%
Dziadkowie Großeltern
100%
Babcia Oma
100%
Dziadek Opa
100%
Krewny der Verwandte
67%
Córka die Tochter
67%
Żyć osobno getrennt leben
67%
Żyć razem zusammen
67%
rozwiedziony geschieden
33%
Stanu wolnego ledig
33%
Zamężna / Żonaty verheiratet
33%
Nie znaleziono quizów pasujących do podanych kryteriów
Rozkład punktacji
Procent ludzi z każdym wynikiem
Percentyl według liczby udzielonych odpowiedzi
Twoja historia wyników
Nie rozwiązałeś tego quizu